000 00483nam a22001697a 4500
005 20240108120952.0
008 190326b xxu||||| |||| 00| 0 eng d
020 _a978-93-83525-10-2
041 _aeng
100 _aCHAVAN, DR RAJASHREE S. PAWAR Ms SMITA J ,MORE Dr. H.N MORE AND SAWANT Dr. SANJAY D
_98295
245 _aPRACTICAL MIDICINAL CHEMISTRY
250 _a6th, 2019
260 _aPUNE
_bNIRALI PRAKASHAN
300 _aB.1p,
650 _aPHARMACY
_xB.PHARMA
942 _cBK
999 _c5777
_d5775